[Event "DEN-ch76 Mesterskabet"]
[Site "Naestved"]
[Date "1985.03.29"]
[Round "1"]
[White "Hoiberg, Erling"]
[Black "Pedersen, Erik"]
[Result "1/2-1/2"]
[WhiteElo "2173"]
[BlackElo "2415"]
[PlyCount "94"]
[EventDate "1985.03.29"]
[EventType "tourn"]
[EventRounds "11"]
[EventCountry "DEN"]
[EventCategory "4"]
[SourceTitle "MCD"]
[Source "ChessBase"]
[SourceDate "1999.07.01"]
[SourceVersion "1"]
[SourceVersionDate "1999.07.01"]
[SourceQuality "1"]

1. d4 Nf6 2. Nf3 e6 3. Bf4 c5 4. e3 Qb6 5. Qc1 Nc6 6. c3 Be7 7. Nbd2 d5 8. Bd3
Bd7 9. Ne5 Nxe5 10. Bxe5 cxd4 11. Bxd4 Qc7 12. f4 a6 13. O-O Bb5 14. Qc2 Bxd3
15. Qxd3 O-O 16. c4 dxc4 17. Nxc4 b5 18. Ne5 Qb7 19. f5 Qd5 20. Rac1 Bd6 21. e4
Nxe4 22. Nd7 e5 23. Rfe1 Nc5 24. Nxc5 Bxc5 25. Rxc5 Qxd4+ 26. Qxd4 exd4 27. Rd1
Rfd8 28. Kf2 Rd7 29. a4 bxa4 30. Rc4 a3 31. bxa3 Rad8 32. Rd3 Rd5 33. g4 g6 34.
fxg6 hxg6 35. Kf3 Kg7 36. Ke4 f5+ 37. gxf5 gxf5+ 38. Kf4 Kf6 39. Rc6+ R8d6 40.
Rc8 Ke7 41. Rc7+ Rd7 42. Rc6 a5 43. h4 R7d6 44. Rc7+ Ke6 45. h5 Rd8 46. Rc6+
Kd7 47. Rc4 Rg8 1/2-1/2

[Event "DEN-ch76 Mesterskabet"]
[Site "Naestved"]
[Date "1985.03.30"]
[Round "2"]
[White "Hansen, Curt"]
[Black "Hoiberg, Erling"]
[Result "1-0"]
[WhiteElo "2532"]
[BlackElo "2173"]
[PlyCount "77"]
[EventDate "1985.03.29"]
[EventType "tourn"]
[EventRounds "11"]
[EventCountry "DEN"]
[EventCategory "4"]
[SourceTitle "MCD"]
[Source "ChessBase"]
[SourceDate "1999.07.01"]
[SourceVersion "1"]
[SourceVersionDate "1999.07.01"]
[SourceQuality "1"]

1. Nf3 f5 2. g3 Nf6 3. Bg2 e6 4. O-O Be7 5. c4 O-O 6. d3 Nc6 7. a3 a5 8. Nc3 d6
9. Rb1 Bd7 10. b4 axb4 11. axb4 Qe8 12. Nb5 Rc8 13. Nfd4 Nxd4 14. Nxd4 e5 15.
Nb3 Bc6 16. e4 fxe4 17. b5 Bd7 18. dxe4 Be6 19. Qc2 Qf7 20. Na5 Rfe8 21. Bg5 b6
22. Nc6 Bxc4 23. Rfc1 Be6 24. Bf1 h6 25. Bxf6 Bxf6 26. Bc4 Bg5 27. Bxe6 Rxe6
28. Rf1 Rf8 29. Nb4 h5 30. Nd5 h4 31. Qxc7 Qf3 32. Qc4 Kh8 33. Rb3 Qg4 34. Nxb6
Rh6 35. f3 Qh3 36. g4 Bf4 37. Qe2 Rg6 38. Rfb1 Bg5 39. f4 1-0

[Event "DEN-ch76 Mesterskabet"]
[Site "Naestved"]
[Date "1985.03.31"]
[Round "3"]
[White "Hoiberg, Erling"]
[Black "Brinck Claussen, Bjorn"]
[Result "0-1"]
[WhiteElo "2173"]
[BlackElo "2370"]
[PlyCount "92"]
[EventDate "1985.03.29"]
[EventType "tourn"]
[EventRounds "11"]
[EventCountry "DEN"]
[EventCategory "4"]
[SourceTitle "MCD"]
[Source "ChessBase"]
[SourceDate "1999.07.01"]
[SourceVersion "1"]
[SourceVersionDate "1999.07.01"]
[SourceQuality "1"]

1. d4 Nf6 2. Nf3 d5 3. Bf4 Bf5 4. e3 c6 5. Bd3 e6 6. Bxf5 exf5 7. O-O Bd6 8.
Ne5 Bxe5 9. Bxe5 O-O 10. Qf3 g6 11. Bxf6 Qxf6 12. Nd2 Qe6 13. Rfc1 Nd7 14. c4
Nf6 15. Qf4 Rfe8 16. c5 Nh5 17. Qh6 f4 18. Re1 fxe3 19. fxe3 Nf6 20. h3 Ne4 21.
Nf3 f6 22. Nh2 Re7 23. Qf4 Rf8 24. Re2 g5 25. Qf3 f5 26. Nf1 Qg6 27. Nd2 g4 28.
Qf4 Nxd2 29. Rxd2 gxh3 30. Kh2 Re4 31. Qc7 hxg2 32. Rxg2 Rg4 33. Rg3 Re8 34.
Rag1 Qh6+ 35. Rh3 Qg7 36. Qxg7+ Kxg7 37. Rf3 Kg6 38. Rgf1 Rg5 39. R1f2 Re4 40.
Rh3 Reg4 41. a3 Rg1 42. e4 dxe4 43. Rb3 R1g4 44. Kh1 f4 45. Rxb7 e3 46. Rc2 f3
0-1

[Event "DEN-ch76 Mesterskabet"]
[Site "Naestved"]
[Date "1985.04.01"]
[Round "4"]
[White "Ost Hansen, Jacob"]
[Black "Hoiberg, Erling"]
[Result "0-1"]
[WhiteElo "2456"]
[BlackElo "2173"]
[PlyCount "60"]
[EventDate "1985.03.29"]
[EventType "tourn"]
[EventRounds "11"]
[EventCountry "DEN"]
[EventCategory "4"]
[SourceTitle "MCD"]
[Source "ChessBase"]
[SourceDate "1999.07.01"]
[SourceVersion "1"]
[SourceVersionDate "1999.07.01"]
[SourceQuality "1"]

1. g3 f5 2. Bg2 Nf6 3. c4 e6 4. Nc3 d5 5. Nf3 c6 6. d4 Be7 7. O-O O-O 8. Bf4
Qe8 9. c5 Ne4 10. Nxe4 fxe4 11. Ne5 Nd7 12. f3 Nxe5 13. Bxe5 exf3 14. exf3 b6
15. b4 a5 16. a3 axb4 17. axb4 Rxa1 18. Qxa1 bxc5 19. bxc5 Bf6 20. Bd6 Rf7 21.
Rb1 Rb7 22. Rb6 Qd7 23. Bb8 Rxb6 24. cxb6 c5 25. Be5 Bxe5 26. dxe5 Bb7 27. f4
Qc6 28. Qa7 c4 29. f5 c3 30. Qb8+ Qc8 0-1

[Event "DEN-ch76 Mesterskabet"]
[Site "Naestved"]
[Date "1985.04.02"]
[Round "5"]
[White "Hoiberg, Erling"]
[Black "Rasmussen, Karsten"]
[Result "1-0"]
[WhiteElo "2173"]
[BlackElo "2450"]
[PlyCount "69"]
[EventDate "1985.03.29"]
[EventType "tourn"]
[EventRounds "11"]
[EventCountry "DEN"]
[EventCategory "4"]
[SourceTitle "MCD"]
[Source "ChessBase"]
[SourceDate "1999.07.01"]
[SourceVersion "1"]
[SourceVersionDate "1999.07.01"]
[SourceQuality "1"]

1. d4 g6 2. Nf3 Bg7 3. Bf4 d6 4. e3 Nd7 5. h3 e5 6. Bh2 Ne7 7. Nbd2 O-O 8. c3
b6 9. Bb5 Bb7 10. Bxd7 Qxd7 11. dxe5 dxe5 12. Bxe5 Bxe5 13. Nxe5 Qb5 14. Ndf3
Qxb2 15. O-O Rfd8 16. Qa4 Bxf3 17. Nxf3 Nd5 18. Qh4 Nxc3 19. Ng5 h5 20. g4 Qb4
21. f4 Qc5 22. gxh5 Qxe3+ 23. Kh1 Ne2 24. Rf3 Qe7 25. hxg6 fxg6 26. Re1 Rd7 27.
f5 Re8 28. Qc4+ Kh8 29. Qh4+ Kg8 30. Ref1 gxf5 31. Rxf5 Rd4 32. Qf2 Qd6 33. Ne4
Qh6 34. Nf6+ Kh8 35. Rh5 1-0

[Event "DEN-ch76 Mesterskabet"]
[Site "Naestved"]
[Date "1985.04.03"]
[Round "6"]
[White "Hartung Nielsen, Jens"]
[Black "Hoiberg, Erling"]
[Result "1-0"]
[WhiteElo "2342"]
[BlackElo "2173"]
[PlyCount "81"]
[EventDate "1985.03.29"]
[EventType "tourn"]
[EventRounds "11"]
[EventCountry "DEN"]
[EventCategory "4"]
[SourceTitle "MCD"]
[Source "ChessBase"]
[SourceDate "1999.07.01"]
[SourceVersion "1"]
[SourceVersionDate "1999.07.01"]
[SourceQuality "1"]

1. d4 f5 2. Nf3 Nf6 3. g3 e6 4. Bg2 Be7 5. c4 d5 6. O-O O-O 7. b3 c6 8. Qc2 Ne4
9. Bb2 Qe8 10. Ne5 Nd7 11. Nd3 Ndf6 12. f3 Nd6 13. Nd2 Bd7 14. Rae1 Rc8 15. c5
Nb5 16. a4 Nc7 17. Ne5 Na6 18. Bc3 Qd8 19. b4 Nc7 20. e4 f4 21. Bh3 fxg3 22.
hxg3 Nh5 23. Kh2 Nxg3 24. Kxg3 Bh4+ 25. Kh2 Qg5 26. Re2 Bg3+ 27. Kh1 Rf4 28.
Rg1 Qh4 29. Kg2 Rf6 30. Rh1 Qg5 31. Kf1 Be8 32. Rg2 h5 33. Ke2 h4 34. Bg4 Bg6
35. Nxg6 Qxg6 36. Qd3 dxe4 37. Nxe4 Rf4 38. Nxg3 Rxg4 39. fxg4 Qxg4+ 40. Qf3
Qg6 41. Ne4 1-0

[Event "DEN-ch76 Mesterskabet"]
[Site "Naestved"]
[Date "1985.04.04"]
[Round "7"]
[White "Hoiberg, Erling"]
[Black "Hoi, Carsten"]
[Result "0-1"]
[WhiteElo "2173"]
[BlackElo "2418"]
[PlyCount "102"]
[EventDate "1985.03.29"]
[EventType "tourn"]
[EventRounds "11"]
[EventCountry "DEN"]
[EventCategory "4"]
[SourceTitle "MCD"]
[Source "ChessBase"]
[SourceDate "1999.07.01"]
[SourceVersion "1"]
[SourceVersionDate "1999.07.01"]
[SourceQuality "1"]

1. d4 c5 2. e3 Nf6 3. Nf3 g6 4. c3 b6 5. Nbd2 Bg7 6. e4 cxd4 7. cxd4 d6 8. Bd3
O-O 9. O-O Nc6 10. a3 e5 11. dxe5 dxe5 12. Bb5 Nd4 13. Nxd4 Qxd4 14. Nf3 Qxd1
15. Rxd1 Bb7 16. Nxe5 Nxe4 17. Nc6 Bf6 18. f3 Nc5 19. Bh6 Rfc8 20. Rd6 Ne6 21.
Rf1 a6 22. Ba4 b5 23. Na5 bxa4 24. Nxb7 Bxb2 25. Rd3 Rab8 26. Nd6 Rd8 27. Rfd1
Rb3 28. R3d2 Bxa3 29. Ne4 Rxd2 30. Rxd2 Rb1+ 31. Kf2 Rb2 32. Ke2 Rxd2+ 33. Kxd2
Be7 34. Be3 f5 35. Nc3 a3 36. Kc2 Bd6 37. h3 Be5 38. Na2 Bf4 39. Bb6 Kf7 40.
Kb3 Bd6 41. h4 h5 42. Bf2 Nf4 43. g4 hxg4 44. fxg4 fxg4 45. Nc3 Nd3 46. Be3 Bc5
47. Bd2 Bb4 48. Kc4 Bxc3 49. Bxc3 Nf4 50. Kb3 g3 51. Bd4 g2 0-1

[Event "DEN-ch76 Mesterskabet"]
[Site "Naestved"]
[Date "1985.04.05"]
[Round "8"]
[White "Hoiberg, Erling"]
[Black "Fries Nielsen, Jens Ove"]
[Result "0-1"]
[WhiteElo "2173"]
[BlackElo "2411"]
[PlyCount "122"]
[EventDate "1985.03.29"]
[EventType "tourn"]
[EventRounds "11"]
[EventCountry "DEN"]
[EventCategory "4"]
[SourceTitle "MCD"]
[Source "ChessBase"]
[SourceDate "1999.07.01"]
[SourceVersion "1"]
[SourceVersionDate "1999.07.01"]
[SourceQuality "1"]

1. d4 Nf6 2. Nf3 e6 3. Bf4 c5 4. e3 Qb6 5. Qc1 Nh5 6. Be5 Nc6 7. Nbd2 Qd8 8.
Ne4 d6 9. Bg3 Nxg3 10. hxg3 Be7 11. c3 Bd7 12. dxc5 dxc5 13. Qc2 f5 14. Ned2
Qc7 15. O-O-O O-O-O 16. e4 Kb8 17. Nc4 g6 18. e5 Bc8 19. Be2 Rd5 20. Rd3 h5 21.
Re3 Rhd8 22. a4 Bf8 23. Nh4 Bh6 24. f4 Nxe5 25. Kb1 Nxc4 26. Bxc4 Rd2 27. Qb3
g5 28. Ng6 gxf4 29. Nxf4 Bxf4 30. gxf4 Qxf4 31. Rhe1 Rxg2 32. Bxe6 Rdd2 33.
Bxc8 Rxb2+ 34. Qxb2 Rxb2+ 35. Kxb2 Kxc8 36. Re8+ Kd7 37. R8e7+ Kc6 38. Kb3 Kb6
39. a5+ Ka6 40. R1e5 b6 41. Rd5 Kb5 42. Kb2 Kc4 43. Red7 Qf3 44. axb6 axb6 45.
Rd2 h4 46. Rc2 h3 47. Rdd2 f4 48. Rf2 Qg3 49. Rh2 b5 50. Rhf2 f3 51. Rh2 Kd3
52. c4 b4 53. Kb3 Ke3 54. Rh1 f2 55. Ka4 Qg2 56. Rcc1 Qxh1 57. Rxh1 Ke2 58.
Rxh3 f1=Q 59. Rh2+ Kd3 60. Kb5 b3 61. Rb2 Kc3 0-1

[Event "DEN-ch76 Mesterskabet"]
[Site "Naestved"]
[Date "1985.04.06"]
[Round "9"]
[White "Reinert, Mads"]
[Black "Hoiberg, Erling"]
[Result "1-0"]
[WhiteElo "2323"]
[BlackElo "2173"]
[PlyCount "49"]
[EventDate "1985.03.29"]
[EventType "tourn"]
[EventRounds "11"]
[EventCountry "DEN"]
[EventCategory "4"]
[SourceTitle "MCD"]
[Source "ChessBase"]
[SourceDate "1999.07.01"]
[SourceVersion "1"]
[SourceVersionDate "1999.07.01"]
[SourceQuality "1"]

1. e4 c6 2. d4 d5 3. Nc3 dxe4 4. Nxe4 Nf6 5. Nxf6+ exf6 6. c3 Bd6 7. Bd3 O-O 8.
Qc2 Re8+ 9. Ne2 h6 10. Be3 Nd7 11. O-O-O b5 12. d5 Ne5 13. dxc6 Ba6 14. Nd4 Qa5
15. b4 Nxd3+ 16. Rxd3 Qc7 17. Rhd1 Be5 18. Qb3 Bxd4 19. Rxd4 Bc8 20. Rd7 Bxd7
21. Rxd7 Re7 22. Rxc7 Rxc7 23. a4 a6 24. axb5 axb5 25. Qd5 1-0

[Event "DEN-ch76 Mesterskabet"]
[Site "Naestved"]
[Date "1985.04.07"]
[Round "10"]
[White "Hoiberg, Erling"]
[Black "Jakobsen, Ole"]
[Result "1/2-1/2"]
[WhiteElo "2173"]
[BlackElo "2414"]
[PlyCount "98"]
[EventDate "1985.03.29"]
[EventType "tourn"]
[EventRounds "11"]
[EventCountry "DEN"]
[EventCategory "4"]
[SourceTitle "MCD"]
[Source "ChessBase"]
[SourceDate "1999.07.01"]
[SourceVersion "1"]
[SourceVersionDate "1999.07.01"]
[SourceQuality "1"]

1. d4 Nf6 2. Nf3 c5 3. c3 b6 4. Bf4 g6 5. Nbd2 cxd4 6. cxd4 Bg7 7. Rc1 O-O 8.
e3 Nc6 9. Ne5 Nxe5 10. dxe5 Nh5 11. Bc4 Bb7 12. O-O d6 13. Nf3 Rc8 14. e6 Nxf4
15. exf7+ Kh8 16. exf4 d5 17. Bd3 Rxc1 18. Qxc1 Rxf7 19. Ng5 Rf6 20. Re1 Bc8
21. Qe3 Qd6 22. f5 h6 23. Ne6 Bxe6 24. fxe6 Qf4 25. b3 Qxe3 26. Rxe3 Kg8 27. h4
g5 28. hxg5 hxg5 29. Re5 Rxf2 30. Rxd5 Rxa2 31. Rxg5 Rb2 32. Rg3 Kf8 33. Rf3+
Bf6 34. g4 Kg7 35. Be4 Re2 36. Bf5 a5 37. Rh3 Rb2 38. Rh7+ Kg8 39. Rh3 b5 40.
g5 Bd4+ 41. Kh1 Rf2 42. Bd3 b4 43. g6 Rd2 44. Be4 Re2 45. Bd3 Re1+ 46. Kg2 a4
47. bxa4 Rg1+ 48. Kf3 b3 49. Rh4 Be5 1/2-1/2

[Event "DEN-ch76 Mesterskabet"]
[Site "Naestved"]
[Date "1985.04.08"]
[Round "11"]
[White "Kristiansen, Jens"]
[Black "Hoiberg, Erling"]
[Result "1-0"]
[WhiteElo "2414"]
[BlackElo "2173"]
[PlyCount "65"]
[EventDate "1985.03.29"]
[EventType "tourn"]
[EventRounds "11"]
[EventCountry "DEN"]
[EventCategory "4"]
[SourceTitle "MCD"]
[Source "ChessBase"]
[SourceDate "1999.07.01"]
[SourceVersion "1"]
[SourceVersionDate "1999.07.01"]
[SourceQuality "1"]

1. c4 c5 2. Nf3 Nc6 3. d4 cxd4 4. Nxd4 Nxd4 5. Qxd4 d6 6. Nc3 e6 7. g3 Ne7 8.
Bg2 Nc6 9. Qd2 Be7 10. O-O O-O 11. b3 a6 12. Bb2 f5 13. Rfd1 Ne5 14. Rac1 f4
15. gxf4 Ng6 16. e3 e5 17. fxe5 Nxe5 18. f4 Ng4 19. Nd5 Bh4 20. Rf1 Rf5 21. Bf3
Rh5 22. Qg2 Rh6 23. Kh1 Rg6 24. Bxg4 Bxg4 25. e4 Bd7 26. Qf3 Bg4 27. Qe3 Rb8
28. Rg1 Qe8 29. Rcf1 Be6 30. f5 Bxd5 31. cxd5 Rf6 32. Rg4 Qb5 33. Rfg1 1-0